El análisis textual: comentario filológico, literario, lingüístico, sociolingüístico y crítico
Uloženo v:
| Hlavní autoři: | , , , |
|---|---|
| Další autoři: | |
| Médium: | Kniha |
| Jazyk: | španělština |
| Vydáno: |
Salamanca
Colegio de España
1997
|
| Edice: | Biblioteca Filológica, 7
|
| Témata: | |
| Tagy: |
Přidat tag
Žádné tagy, Buďte první, kdo vytvoří štítek k tomuto záznamu!
|
MARC
| LEADER | 00000nam a2200000 a 4500 | ||
|---|---|---|---|
| 001 | UCL8719 | ||
| 003 | CL-VaPUC | ||
| 008 | 040702e19970000SP |||||||||||||||||spa|d | ||
| 020 | |a 848640861X | ||
| 082 | 0 | 4 | |a 401.41 |b ECH |2 21 |
| 100 | 0 | |a Echenique Elizondo, María Teresa |e author |9 486682 | |
| 700 | 0 | |a Alonso, Cecilio |e author |9 486683 | |
| 700 | 0 | |a Briz Gómez, Antonio |e author |9 486684 | |
| 700 | 0 | |a Gómez Molina, José R |e author |9 486685 | |
| 700 | |a López-Casanova, Arcadio |e autor |9 488458 | ||
| 245 | 1 | 3 | |a El análisis textual: comentario filológico, literario, lingüístico, sociolingüístico y crítico |
| 300 | |a 215 p | ||
| 942 | |c BK | ||
| 945 | |d 20040702 00:00:00 |a cmena | ||
| 260 | |a Salamanca |b Colegio de España |c 1997 | ||
| 650 | 0 | |a Análisis del discurso |9 256696 | |
| 650 | 0 | |a Filología |9 321245 | |
| 650 | 0 | |a Sociolingüística |9 263716 | |
| 650 | 0 | |a Interpretación literaria |9 415895 | |
| 583 | |a last modification |c 20040702 00:00:00 |k Rodrigo Vera | ||
| 490 | 0 | |a Biblioteca Filológica, 7 | |
| 999 | |c 309890 |d 309888 | ||
| 952 | |0 0 |1 0 |4 0 |6 401_410000000000000_ECH_1997 |7 0 |8 A |9 377738 |a FDOPOS |b FDOPOS |d 2019-11-21 |i 4033922 |o 401.41 ECH 1997 |p 4033922 |r 2025-01-22 |w 2019-11-21 |y BK |k MLA | ||